[Event "National Chess Cong."]
[Site "Philadelphia"]
[Date "2010.11.28"]
[Round "5"]
[White "Aleskerov, Faik"]
[Black "Lenderman, Alex"]
[Result "0-1"]
[WhiteElo "2421"]
[BlackElo "2640"]
[PlyCount "64"]
[EventDate "2010.11.??"]
[EventCountry "USA"]
[Source "MonRoi"]

1. d4 Nf6 2. Nf3 g6 3. Nbd2 d5 4. e3 Bg7 5. Bd3 O-O 6. O-O c5 7. c3 Qc7 8. dxc5
Qxc5 9. e4 Nc6 10. Qe2 Be6 11. Nb3 Qb6 12. exd5 Bxd5 13. Bc4 Qc7 14. Bxd5 Nxd5
15. Qc4 Rad8 16. Qh4 b6 17. Bh6 Rd7 18. Rad1 Rfd8 19. Bxg7 Kxg7 20. Nbd4 Nf4
21. Rde1 Nxd4 22. Nxd4 e5 23. Nf3 f6 24. g3 Nd3 25. Re2 Qc6 26. Ne1 Nc1 27. Re3
Rd1 28. h3 R8d2 29. Qb4 Qe6 30. g4 a5 31. Qa3 Ne2+ 32. Kh2 Nf4 0-1

[Event "National Chess Cong."]
[Site "Philadelphia"]
[Date "2010.11.28"]
[Round "5"]
[White "Ravichandran, S."]
[Black "Kacheishvili, Giorgi"]
[Result "0-1"]
[WhiteElo "2511"]
[BlackElo "2603"]
[PlyCount "66"]
[EventDate "2010.11.??"]
[EventCountry "USA"]
[Source "MonRoi"]

1. e4 c5 2. Nf3 e6 3. c4 Nc6 4. Nc3 Nf6 5. Be2 Qc7 6. d4 cxd4 7. Nxd4 a6 8. O-O
Nxd4 9. Qxd4 Bd6 10. Kh1 b6 11. f4 e5 12. Qf2 exf4 13. Bxf4 Bxf4 14. Qxf4 Qxf4
15. Rxf4 d6 16. Nd5 Nxd5 17. cxd5 Ke7 18. e5 Rf8 19. Rc4 dxe5 20. Rd1 Rd8 21.
Rc7+ Bd7 22. d6+ Ke8 23. Bf3 Rab8 24. Bb7 a5 25. Re1 Be6 26. Rd1 Bxa2 27. Bc6+
Kf8 28. Bd7 b5 29. Ra1 Rb6 30. Rd1 a4 31. g4 b4 32. Ra7 a3 33. bxa3 b3 0-1

[Event "National Chess Cong."]
[Site "Philadelphia"]
[Date "2010.11.28"]
[Round "5"]
[White "Mandizha, Farai"]
[Black "Figler, Ilya"]
[Result "1/2-1/2"]
[WhiteElo "2449"]
[BlackElo "2375"]
[PlyCount "247"]
[EventDate "2010.11.??"]
[EventCountry "USA"]
[Source "MonRoi"]

1. Nf3 c5 2. g3 g6 3. Bg2 Bg7 4. e4 Nc6 5. O-O d6 6. c3 e5 7. Na3 Nge7 8. Nc2
O-O 9. d4 exd4 10. cxd4 Bg4 11. dxc5 dxc5 12. Ne3 Qxd1 13. Rxd1 Bxf3 14. Bxf3
Nd4 15. Bg2 Ne2+ 16. Kf1 Nxc1 17. Raxc1 b6 18. e5 Rad8 19. f4 f5 20. b4 g5 21.
Rxd8 Rxd8 22. bxc5 bxc5 23. Rxc5 gxf4 24. gxf4 Rd4 25. Nd5 Kf8 26. Ke2 Nxd5 27.
Bxd5 Bh6 28. e6 Bxf4 29. Bb3 Re4+ 30. Kf3 Be5 31. Ra5 Rf4+ 32. Ke3 Bb8 33. Rb5
Bd6 34. Bc2 Ke7 35. Bxf5 Ra4 36. Rb7+ Kf6 37. Rf7+ Ke5 38. Bc2 Rxa2 39. Bb3 Ra3
40. Rb7 Kf6 41. Ke4 Be7 42. Rb5 a5 43. h4 h5 44. Rf5+ Kg6 45. Bc2 Rc3 46. Rf2
Kg7 47. Rf7+ Kg6 48. Bd3 Bxh4 49. Kd4+ Rxd3+ 50. Kxd3 Bf6 51. Ra7 h4 52. Rxa5
h3 53. Ra2 Kf5 54. Rf2+ Kxe6 55. Rh2 Kf5 56. Rxh3 Kg4 57. Re3 Bg5 58. Re1 Kf4
59. Kd4 Bf6+ 60. Kd5 Bc3 61. Re4+ Kf3 62. Rc4 Bb2 63. Rb4 Bg7 64. Rb7 Ba1 65.
Rf7+ Ke3 66. Ra7 Bb2 67. Ra4 Bh8 68. Re4+ Kf3 69. Re7 Ba1 70. Re8 Bg7 71. Ke6
Ke4 72. Rg8 Bb2 73. Rg2 Bh8 74. Rh2 Bg7 75. Rh4+ Kd3 76. Kd5 Ke3 77. Rh7 Bb2
78. Rh3+ Kf4 79. Rh2 Ba1 80. Re2 Kf3 81. Ra2 Bg7 82. Ra3+ Kf4 83. Ra8 Kf3 84.
Kc4 Ke4 85. Re8+ Kf4 86. Kd3 Bb2 87. Rf8+ Ke5 88. Rf2 Bd4 89. Ra2 Bb6 90. Re2+
Kf4 91. Re6 Ba7 92. Ra6 Bg1 93. Rf6+ Ke5 94. Rf7 Bb6 95. Rb7 Bg1 96. Rb1 Ba7
97. Kc4 Ke4 98. Re1+ Kf3 99. Kd3 Kf4 100. Re4+ Kf5 101. Re7 Bg1 102. Ke2 Kf6
103. Re4 Kf5 104. Kf3 Bc5 105. Rc4 Bg1 106. Ra4 Ke5 107. Ra5+ Kd4 108. Rg5 Bh2
109. Rg4+ Kd5 110. Ke3 Bc7 111. Rd4+ Ke5 112. Rb4 Kd5 113. Rb5+ Kc4 114. Rb1
Kd5 115. Rd1+ Ke5 116. Rd7 Bb6+ 117. Kd3 Kf5 118. Rd5+ Kf4 119. Rd6 Ba7 120.
Ra6 Bg1 121. Rf6+ Ke5 122. Rf7 Bb6 123. Kc4 Ke6 124. Rh7 1/2-1/2

[Event "National Chess Cong."]
[Site "Philadelphia"]
[Date "2010.11.28"]
[Round "5"]
[White "Lapshun, Yury"]
[Black "Mabe, Chris"]
[Result "1/2-1/2"]
[WhiteElo "2544"]
[BlackElo "2267"]
[PlyCount "102"]
[EventDate "2010.11.??"]
[EventCountry "USA"]
[Source "MonRoi"]

1. e4 e6 2. d4 d5 3. e5 c5 4. Qg4 cxd4 5. Nf3 Qa5+ 6. Nbd2 Nc6 7. Bd3 Nh6 8.
Qg3 Nf5 9. Bxf5 exf5 10. O-O Be6 11. Nb3 Qb6 12. Rd1 h6 13. h4 Be7 14. h5 O-O-O
15. Nfxd4 Nxd4 16. Nxd4 Bc5 17. Be3 Rdg8 18. b4 Bxd4 19. Bxd4 Qa6 20. Rd3 g5
21. Rc3+ Kd7 22. b5 Qa4 23. Qd3 Rc8 24. Rxc8 Rxc8 25. c3 b6 26. Qe2 Rc4 27. Qb2
Rc7 28. f4 g4 29. Qb3 Rc4 30. Rd1 Ke8 31. Rd2 Kf8 32. Qb1 Qa3 33. Qe1 Kg8 34.
Rc2 Qa4 35. Rb2 Kh7 36. Qd2 Qa3 37. Rb3 Qe7 38. g3 Ra4 39. Qb2 Kg8 40. Rb4 Rxb4
41. Qxb4 Qc7 42. a4 Kh7 43. Kf2 Kg7 44. Ke3 Kh7 45. Kd3 Kg7 46. a5 Qc4+ 47.
Qxc4 dxc4+ 48. Ke3 Kg8 49. Bxb6 axb6 50. axb6 Bc8 51. Kd4 Kf8 1/2-1/2

[Event "National Chess Cong."]
[Site "Philadelphia"]
[Date "2010.11.28"]
[Round "5"]
[White "Shvartsman, Andrew"]
[Black "Sarkar, Justin"]
[Result "1/2-1/2"]
[WhiteElo "2266"]
[BlackElo "2456"]
[PlyCount "46"]
[EventDate "2010.11.??"]
[EventCountry "USA"]
[Source "MonRoi"]

1. e4 c6 2. d4 d5 3. e5 Bf5 4. Nc3 e6 5. g4 Bg6 6. Nge2 Nd7 7. Nf4 Ne7 8. h4 h5
9. Nxg6 Nxg6 10. Bd3 Nxh4 11. g5 Nf5 12. Bxf5 exf5 13. Rxh5 Rxh5 14. Qxh5 g6
15. Qh7 Bb4 16. Bd2 Nf8 17. Qg8 Qb6 18. O-O-O Qxd4 19. Re1 Be7 20. f4 Qc5 21.
Na4 Qd4 22. Nc3 Qc5 23. Na4 Qd4 1/2-1/2

[Event "National Chess Cong."]
[Site "Philadelphia"]
[Date "2010.11.28"]
[Round "5"]
[White "Vilenchuk, Michael"]
[Black "Zenyuk, Iryna"]
[Result "1-0"]
[WhiteElo "2212"]
[BlackElo "2347"]
[PlyCount "58"]
[EventDate "2010.11.??"]
[EventCountry "USA"]
[Source "MonRoi"]

1. e4 c5 2. Nf3 d6 3. d4 cxd4 4. Nxd4 Nf6 5. Nc3 g6 6. f3 Bg7 7. Be3 O-O 8. Qd2
Nc6 9. O-O-O Bd7 10. Kb1 Qa5 11. Nb3 Qc7 12. g4 Ne5 13. g5 Nxf3 14. Qf2 Qxc3
15. Qxf3 Nxe4 16. bxc3 Nxc3+ 17. Kc1 Bc6 18. Qh3 Nxd1 19. Rg1 Nxe3 20. Qxe3 e5
21. Na5 d5 22. Nxc6 bxc6 23. Qc5 Rab8 24. Qxc6 e4 25. Bh3 Rb4 26. Rg3 Bb2+ 27.
Kd1 Be5 28. Rb3 Rd4+ 29. Ke1 Bf4 1-0

[Event "National Chess Cong."]
[Site "Philadelphia"]
[Date "2010.11.28"]
[Round "5"]
[White "Leve, Nitai"]
[Black "Adu, Oladapo"]
[Result "1-0"]
[WhiteElo "2187"]
[BlackElo "2384"]
[PlyCount "111"]
[EventDate "2010.11.??"]
[EventCountry "USA"]
[Source "MonRoi"]

1. e4 c5 2. Nf3 e6 3. d4 cxd4 4. Nxd4 Qb6 5. Nc3 Bc5 6. Be3 Nc6 7. Ndb5 Bxe3 8.
fxe3 a6 9. Nd6+ Ke7 10. Nc4 Qc7 11. Qg4 Nf6 12. Qxg7 Rg8 13. Qh6 b5 14. Nd2 b4
15. Na4 Ne5 16. O-O-O Neg4 17. Qf4 Qxf4 18. exf4 Nf2 19. Be2 Nxh1 20. Rxh1 Bb7
21. Nc5 Bc6 22. Bf3 d6 23. Nd3 a5 24. e5 Nd5 25. exd6+ Kxd6 26. Ne5 Be8 27. g3
f6 28. Ng4 Bc6 29. Re1 f5 30. Ne5 Rge8 31. Nf7+ Kd7 32. Nc4 Kc7 33. Ng5 Bb5 34.
Nd2 Kd6 35. Nb3 Ra7 36. Nd4 Bd7 37. Nxh7 Rh8 38. Ng5 Rxh2 39. Ngxe6 Ne7 40. Rd1
Bxe6 41. Nb5+ Kc5 42. Nxa7 Rf2 43. Bh1 Bxa2 44. b3 a4 45. bxa4 b3 46. cxb3 Bxb3
47. Re1 Ng8 48. a5 Ra2 49. Re5+ Kd6 50. Bb7 Ne7 51. Nb5+ Kd7 52. a6 Nc8 53. Re3
Rc2+ 54. Kb1 Ba4 55. Rd3+ Ke7 56. Nc3 1-0

[Event "National Chess Cong."]
[Site "Philadelphia"]
[Date "2010.11.28"]
[Round "5"]
[White "Treger, Yefim"]
[Black "Miller, Jake"]
[Result "1-0"]
[WhiteElo "2251"]
[BlackElo "2073"]
[PlyCount "77"]
[EventDate "2010.11.??"]
[EventCountry "USA"]
[Source "MonRoi"]

1. e4 c5 2. Nf3 Nc6 3. Bc4 e6 4. Nc3 a6 5. O-O b5 6. Bd5 Nf6 7. Re1 Be7 8. Bxc6
dxc6 9. e5 Nd5 10. d3 Bb7 11. Ne4 Nb6 12. Bg5 Ra7 13. Nd6+ Kf8 14. Qd2 Nc8 15.
Bxe7+ Qxe7 16. Qf4 h6 17. Nd2 g5 18. Nxc8 Bxc8 19. Qf3 Rd7 20. Ne4 Bb7 21. Qe3
Rd5 22. Nf6 Rd4 23. c3 Rd8 24. Rad1 b4 25. Rf1 a5 26. f4 gxf4 27. Rxf4 Ba6 28.
c4 Qa7 29. Rh4 Ke7 30. Qf2 Rd4 31. Ne4 Kf8 32. Qf6 Rg8 33. Qxh6+ Ke7 34. Qf6+
Kf8 35. Rh8 Rxh8 36. Qxh8+ Ke7 37. Qf6+ Kf8 38. Nd6 Qd7 39. Rf1 1-0

[Event "National Chess Cong."]
[Site "Philadelphia"]
[Date "2010.11.28"]
[Round "6"]
[White "Bonin, Jay"]
[Black "Lapshun, Yury"]
[Result "0-1"]
[WhiteElo "2394"]
[BlackElo "2544"]
[PlyCount "74"]
[EventDate "2010.11.??"]
[EventCountry "USA"]
[Source "MonRoi"]

1. d4 d5 2. Nf3 Nf6 3. c4 e6 4. g3 dxc4 5. Qa4+ Nbd7 6. Bg2 a6 7. Qxc4 b5 8.
Qc2 Bb7 9. Bg5 c5 10. dxc5 Bxc5 11. Bxf6 Qxf6 12. O-O Rc8 13. Qd2 Nb6 14. Nc3
b4 15. Nd1 O-O 16. Rc1 Rfd8 17. Qg5 Qxg5 18. Nxg5 Bxg2 19. Kxg2 Be7 20. Rxc8
Rxc8 21. Nf3 Rc2 22. Nd4 Rd2 23. Nc6 Bc5 24. Kf3 g6 25. Ne5 a5 26. Nd3 Bd4 27.
Nc1 a4 28. Nd3 a3 29. bxa3 bxa3 30. Nc1 e5 31. e3 Ba1 32. g4 Nc4 33. e4 Bd4 34.
Re1 Rc2 35. Ne3 Bxe3 36. fxe3 Nd2+ 37. Ke2 Nb3+ 0-1

[Event "National Chess Cong."]
[Site "Philadelphia"]
[Date "2010.11.28"]
[Round "6"]
[White "Figler, Ilya"]
[Black "Ravichandran, S."]
[Result "1-0"]
[WhiteElo "2375"]
[BlackElo "2511"]
[PlyCount "125"]
[EventDate "2010.11.??"]
[EventCountry "USA"]
[Source "MonRoi"]

1. c4 e5 2. Nc3 d6 3. g3 g6 4. Bg2 Bg7 5. d3 c6 6. e4 Be6 7. Nge2 Qc8 8. O-O
Ne7 9. b3 Bh3 10. Ba3 Bxg2 11. Kxg2 c5 12. b4 b6 13. Rb1 Nbc6 14. Nd5 O-O 15.
Nxe7+ Nxe7 16. Nc3 f5 17. f3 Nc6 18. Nd5 Kh8 19. Bc1 h6 20. Be3 Kh7 21. Qd2 g5
22. exf5 Qxf5 23. b5 Nd8 24. Qe2 Ne6 25. Bd2 Qf7 26. Qe4+ Qg6 27. a4 Rab8 28.
Ne7 Qxe4 29. fxe4 g4 30. Rxf8 Nxf8 31. a5 Ne6 32. Nc6 Rb7 33. a6 Rd7 34. Nxa7
Rxa7 35. Ba5 Bf6 36. Bxb6 Ra8 37. Ra1 Be7 38. h3 h5 39. hxg4 hxg4 40. Kf2 Kg7
41. Rh1 Nf8 42. Ke2 Nd7 43. Bc7 Ra7 44. Ba5 Ra8 45. Ra1 Kf7 46. Bc7 Ke8 47. Rh1
Kf7 48. Rh7+ Ke6 49. Rg7 Bf6 50. Rh7 Nf8 51. Rh6 Nd7 52. Kd1 Kf7 53. Rh7+ Ke6
54. Kc2 Ra7 55. Ba5 Ra8 56. Kb3 Be7 57. Ka4 Kf6 58. Rh6+ Kg7 59. Rh1 Nb8 60.
Rb1 Kf7 61. Rf1+ Kg7 62. Rb1 Kf7 63. Rb2 1-0

[Event "National Chess Cong."]
[Site "Philadelphia"]
[Date "2010.11.28"]
[Round "6"]
[White "Aleskerov, Faik"]
[Black "Vilenchuk, Michael"]
[Result "1-0"]
[WhiteElo "2421"]
[BlackElo "2212"]
[PlyCount "37"]
[EventDate "2010.11.??"]
[EventCountry "USA"]
[Source "MonRoi"]

1. e4 e5 2. Nf3 Nc6 3. d4 exd4 4. Bc4 Nf6 5. O-O Nxe4 6. Re1 d5 7. Bxd5 Qxd5 8.
Nc3 Qh5 9. Nxe4 Be6 10. Bg5 h6 11. Bf6 Qa5 12. Nxd4 Nxd4 13. Qxd4 Qb6 14. Qd3
c6 15. Nd6+ Bxd6 16. Rxe6+ fxe6 17. Qg6+ Kd7 18. Qxg7+ Ke8 19. Re1 1-0

[Event "National Chess Cong."]
[Site "Philadelphia"]
[Date "2010.11.28"]
[Round "6"]
[White "Ding, Andrew"]
[Black "Goletiani, Rusudan"]
[Result "0-1"]
[WhiteElo "2101"]
[BlackElo "2401"]
[PlyCount "42"]
[EventDate "2010.11.??"]
[EventCountry "USA"]
[Source "MonRoi"]

1. d4 Nf6 2. c4 e6 3. Nc3 Bb4 4. e3 c5 5. Bd3 O-O 6. a3 Ba5 7. Nge2 d6 8. O-O
Nc6 9. Bc2 a6 10. f4 Re8 11. d5 exd5 12. cxd5 Nb8 13. h3 b5 14. Ng3 c4 15. e4
Bb6+ 16. Kh1 Ng4 17. Qf3 Qh4 18. Bd2 Nf6 19. Be1 Qh6 20. Nf5 Bxf5 21. exf5 Re3
0-1